| 000 | 00549cam a2200217 4500 | ||
|---|---|---|---|
| 008 | 090401t xxu||||| |||| 00| 0 eng d | ||
| 020 | _a1857160061 | ||
| 035 | _a(Sirsi) u52870 | ||
| 041 | _aeng | ||
| 050 | _a599.4 | ||
| 110 |
_aEnglish Nature _93309 |
||
| 245 | _aBats in roofs: a guide for surveyors. | ||
| 260 |
_aPeterborough _bEnglish Nature _c1994? |
||
| 300 | _a(6)p. : ill. ; 21cm. | ||
| 350 | _a0 | ||
| 650 | _aHOUSES | ||
| 650 | _aWILDLIFE AND COUNTRYSIDE ACT 1981 | ||
| 690 | _aCONSERVATION | ||
| 942 | _n0 | ||
| 948 | _c04/03/1997 | ||
| 999 |
_c93184 _d93184 |
||